000 00938nam a2200265Ia 4500
003 OSt
005 20220923211004.0
006 a|||||r|||| 00| 0
007 ta
008 220922b |||||||| |||| 00| 0 hin d
020 _a8170165229 (hbk)
024 _a217,734
037 _cTextual
040 _aARTS
_cARTS
_bhin
041 _2hin
_ahin
082 _aO152,3N2913x, P2
100 _aचौधरी, राजकमल; देवशंकर नवीन, संपा.
_9156895
245 0 _aबंद कमरे में कब्रगाह
246 _aBanda kamare mean kabragāha
260 _aदिल्ली
_b किताबघर
_c2002
300 _a151i`
_ccm.
650 _aहिन्दी साहित्य
_9156264
942 _hO152,3N2913x, P2
_cTEXL
_2CC
999 _c293589
_d293589